00440nam a2200169Ia 4500003000400000008004100004020001500045040001600060082001500076100001800091245004600109260005100155300002100206650001600227650001800243650000900261GCL140319s9999 xx 000 0 eng d a1853172278 aGCL / cGCL04a616.5bM S1 aMARKS, RONALD10aSKIN DISEASE IN OLD AGE / cMARKS, RONALD aانجلترا : bMARTIN DUNITZ LTD ، c1999 a32 CM ؛ c283 P04aDERMATOLOGY04aSKIN DISEASES04aSKIN